000 00454nam a22001817a 4500
003 CEME
005 20210628202227.0
008 210113b xxu||||| |||| 00| 0 eng d
020 _a9788126508198
040 _c.
082 _a621.3824 ELL
100 _aElliott, Robert S
_958865
245 _aAntenna theory and design
260 _aINDIA
_bWILEY
_c2014
300 _aXXI,594P
650 _aANTENNA THEORY.ANTENNA DESIGN
_958866
942 _cBK
_2ddc
999 _c568959
_d568959